Exploring artificial intelligence : survey talks from the national conferences on artificial intelligence /
Guardado en:
| Autor Corporativo: | |
|---|---|
| Otros Autores: | , |
| Formato: | Libro |
| Idioma: | English |
| Publicado: |
San Mateo, Calif. :
Morgan Kaufmann,
c1988.
|
| Etiquetas: |
Agregar Etiqueta
Sin Etiquetas, Sea el primero en etiquetar este registro!
|
| LEADER | 01030nam a22002055a 4500 | ||
|---|---|---|---|
| 001 | MAT.inmabb003392 | ||
| 008 | 051112s1988####caua#####b####101#0#eng#d | ||
| 005 | 20160606174703.0 | ||
| 245 | 1 | 0 | |a Exploring artificial intelligence : |b survey talks from the national conferences on artificial intelligence / |c contributors: David Barstow ... [et al.] ; edited by Howard E. Shrobe and the American Association for Artificial Intelligence. |
| 260 | |a San Mateo, Calif. : |b Morgan Kaufmann, |c c1988. | ||
| 300 | |a xii, 693 p. : |b il. ; |c 23 cm. | ||
| 500 | |a "A collection of sixteen papers based on talks presented at the 1986 and 1987 national conferences of the American Association for Artificial Intelligence (AAAI)."--Preface. | ||
| 504 | |a Incluye referencias bibliográficas e índice. | ||
| 020 | |a 0934613672 | ||
| 700 | 1 | |a Barstow, David R. | |
| 700 | 1 | |a Shrobe, Howard E. |4 edt | |
| 710 | 2 | |a American Association for Artificial Intelligence. | |
| 084 | |a 68Txx |2 msc2000 | ||
| 084 | |a 68-06 |2 msc2000 | ||
| 859 | |h 68 |i Ex965 |p A-6590 |b BIB. MATEMATICA | ||
